| 000 | 00449nam a22001697a 4500 | ||
|---|---|---|---|
| 005 | 20240708092245.0 | ||
| 008 | 240708b |||||||| |||| 00| 0 eng d | ||
| 020 | _a784896336908 | ||
| 082 |
_a330 _bASI-E |
||
| 100 | _aAsim, Muhammad | ||
| 245 |
_aEconomics & Business Environment/ _cMuhammad Asim |
||
| 260 |
_aLahore; _bStandard Accounting Publications; _c2005 |
||
| 300 |
_a367 p.: _c23 cm. |
||
| 650 | _aEconomics | ||
| 999 |
_c36078 _d36078 |
||